What is density? / (Record no. 2467)

MARC details
000 -LEADER
fixed length control field 00962cam a22002774a 4500
005 - DATE AND TIME OF LATEST TRANSACTION
control field 20240105154248.0
020 ## - INTERNATIONAL STANDARD BOOK NUMBER
International Standard Book Number 9780516236186
040 ## - CATALOGING SOURCE
Original cataloging agency DLC
Transcribing agency DLC
Modifying agency IG#
-- BAKER
-- DLC
Language of cataloging eng
050 00 - LIBRARY OF CONGRESS CALL NUMBER
Classification number QC173.36
082 00 - DEWEY DECIMAL CLASSIFICATION NUMBER
Classification number 531.14
100 1# - MAIN ENTRY--PERSONAL NAME
Personal name Barkan, Joanne
245 10 - TITLE STATEMENT
Title What is density? /
Statement of responsibility, etc. by Joanne Barkan
260 ## - PUBLICATION, DISTRIBUTION, ETC.
Place of publication, distribution, etc. New York :
Name of publisher, distributor, etc. Scholastic,
Date of publication, distribution, etc. 2006
300 ## - PHYSICAL DESCRIPTION
Extent 31 pages :
Other physical details Color illustrations ;
Dimensions 19 cm
490 ## - SERIES STATEMENT
Series statement Read-About Science
500 ## - GENERAL NOTE
General note Includes index.
505 ## - FORMATTED CONTENTS NOTE
Formatted contents note H <br/>
520 ## - SUMMARY, ETC.
Summary, etc. Explains what density is, using examples from a birthday party--such as a room filling with people, a floating balloon, and the bubbles in a cup of soda--to illustrate the concept.
521 ## - TARGET AUDIENCE NOTE
Target audience note 440 <br/>
Source Lexile <br/>
521 ## - TARGET AUDIENCE NOTE
Target audience note H <br/>
Source Raz-Plus <br/>
650 #0 - SUBJECT ADDED ENTRY--TOPICAL TERM
Topical term or geographic name entry element Matter
General subdivision Properties
Form subdivision Juvenile literature.
650 #0 - SUBJECT ADDED ENTRY--TOPICAL TERM
Topical term or geographic name entry element Specific gravity
Form subdivision Juvenile literature.
906 ## - LOCAL DATA ELEMENT F, LDF (RLIN)
a 7
b cbc
c orignew
d 1
e ecip
f 20
g y-gencatlg
942 ## - ADDED ENTRY ELEMENTS (KOHA)
Source of classification or shelving scheme Dewey Decimal Classification
Koha item type Books
Suppress in OPAC No
999 ## -
-- 2467
-- 2467
Holdings
Withdrawn status Lost status Source of classification or shelving scheme Damaged status Not for loan Collection Home library Current library Shelving location Date acquired Total Checkouts Full call number Barcode Date last seen Date last checked out Price effective from Koha item type
    Dewey Decimal Classification     Non-Fiction Footprints International School Library Network Toul Kork Campus Footprints International School Library Network Toul Kork Campus   12/11/2023 3 MAR QC173.36 531.14 FISTK03284 03/11/2024 03/04/2024 12/11/2023 Books